| 000 | 01136nam a22002417a 4500 | ||
|---|---|---|---|
| 005 | 20211109142641.0 | ||
| 008 | 211109b ||||| |||| 00| 0 eng d | ||
| 020 | _a0713993413 | ||
| 040 | _cAL | ||
| 041 | _aeng | ||
| 082 |
_223 _a943.004 _bELOP |
||
| 100 |
_aAmos Elon _910073 |
||
| 245 | _aPity of it All: A Portrait of Jews in Germany 1743-1933 | ||
| 260 |
_aLondon _bPenguin Books _c2002 |
||
| 300 |
_ax,446 p. _bHB _c24x15 cm. |
||
| 365 |
_b25.00 _c£ _d25.00 |
||
| 520 | _aIn this important work of historical restoration, Amos Elon shows how a persecuted clan of cattle dealers and wandering peddlers was transformed into a stunningly successful community of writers, philosophers, scientists, tycoons, and activists. In engaging, brilliantly etched portraits of Moses Mendelssohn, Heinrich Heine, Karl Marx, Hannah Arendt, and many others, Elon traces how a small minority came to be perceived as a deadly threat to German national integrity. | ||
| 650 |
_aHistory of Germany _910074 |
||
| 650 |
_aJews _910075 |
||
| 650 |
_aCivilization Jewish Influence _910076 |
||
| 700 |
_aELON (Amos) _910077 |
||
| 942 |
_2ddc _cGF |
||
| 999 |
_c220471 _d220471 |
||